=LDR 00000nam 2200000 4500 =001 INLIS000000000048081 =005 20160419132716.0 =006 =007 =008 =035 ##$$0010-041600000000062 =082 ##$$a 370.507 0 =090 ##$$a 370.507 0 suj t =100 ##$$a Sudjana, DR. Nana $q DR. Nana Sudjana =245 ##$$a Teknologi Pengajaran =260 ##$$a Bandung $b Sinar Baru $c 1997 =300 ##$$a vii, 162 hlm $b ilus $c 18 cm =990 ##$$a 0001/BPAP-NTB/2016